MDQL
is popping MORE tags! Check the
thread
!
Quizzes
Events
Quiz Creation
Community
Videos
Private Events
Remove Ads
Sign In
Join for FREE
Feedback
Dark Mode
Quiz Categories
Sports
Geography
Music
Movies
Television
Just For Fun
Miscellaneous
History
Literature
Language
Science
Gaming
Entertainment
Religion
Holiday
For Kids
Quiz Lab
Recent
Popular Today
Quiz Kudos Today
Editor Picks
Curator Picks
Quizzes by...
Day
Popularity
Type
Ratings
Length
Year
Community
Subscriptions
Recent Discussions
Orange Saloon
Badges
Playlists
Quests
Create
Leaderboards
Showdown
Live 5
Trivia Bingo
Activity
Puzzle Library
Sporcle Events
Private Events
Virtual Trivia
Globe League
Become a Host
Pub Owners
SporcleCon
Opinionation
Our Games
Videos
Blog
Mobile Apps
Partnerships
Remove Ads and Go Orange
Feedback
Language
Vocabulary
Begins and Ends
Definition
Spanish
French
German
Italian
Chinese
Latin
Translation
Japanese
Language
Vocabulary
Begins and Ends
Definition
Spanish
French
German
Italian
Chinese
Latin
Translation
Japanese
Random Quiz
Search Sporcle
×
Quiz Lab
Quiz Lab
Language
Latin
Select answers by clicking on text or image buttons
Select answers by clicking on text or image buttons
Clickable
Best Score? Go Orange.
Devanagari to Latin (click) Stats
Can you pick the Latin to Devanagari?
By
Chromatos
8m
46 Questions
5,918 Plays
5,918 Plays
5,918 Plays
Comments
Comments
Give Quiz Kudos
Give Quiz Kudos
-
- Ratings
hide this ad
More Info
Forced Order
Answers have to be entered in order
Answers have to be entered in order
Replay
Link that replays current quiz
Next Quiz
Link to next quiz in quiz playlist
You Got
0%
They Got
Avg Score
73%
Avg Friend Score
Upgrade to see
Score Distribution
Jump to the score distribution portion of the page
Score
0/46
Timer
08:00
1
Play Today
% Correct
a
84.9%
ka
84.5%
ā
83.8%
ma
83.3%
au
82.2%
ra
82.1%
e
81.7%
ī
81.7%
ga
81.6%
pa
80.8%
i
79.9%
u
79.8%
ū
79.4%
la
78.8%
ai
78.3%
kha
78.1%
ha
78%
na
77.9%
o
77.2%
ya
76.6%
ta
76.6%
pha
76.3%
ba
75.6%
% Correct
ṛ
75.4%
ṝ
75.2%
ja
75%
sa
74.7%
ca
74.4%
va
73.2%
ṭha
72.5%
ṭa
72.3%
ḷ
71.8%
jha
70.4%
bha
70.3%
gha
69.6%
cha
69.5%
ṇa
67%
śa
67%
ṅa
66.4%
ña
65.8%
ṣa
63.7%
da
63.1%
tha
57.9%
ḍa
57.7%
dha
55.6%
ḍha
54.3%
Quiz Playlist
Details
Report
Send in Message
Add To Playlist
More Info:
Note carefully the diacritics on the latin equivalents. All transliterations are IAST standard.
Clickable:
Select answers by clicking on text or image buttons
Forced Order:
Answers have to be entered in order
Quiz Source
Last Updated: Jul 29, 2017
Quiz Scoreboard
CHALLENGE
Sign Up to Join the Scoreboard
Show All
Scores
Hide
Comments
May contain spoilers
Recently Published
Holiday 10x10 Sorting Gallery
by lukepisani3
Holiday
15m
Two Season TV Shows II
by 123Four
Television
10m
Image Sorting: Flags VI
by Barbecue
Geography
2m
More to Explore
Quiz From the Vault
Featured Blog Post
14 Easter Pick-up Lines to Find Eggs With
hide this ad
You Might Also Like...
Tags
Latin Quiz
Today's Top Quizzes in Language
Browse Language
hide this ad
Today's Top Quizzes in Latin
Browse Latin
Top Contributed Quizzes in Language
1
What Word Starts All?
2
1-10 Letter F Words III
3
Weisst du, aus welchen Sprachen diese Wörter stammen?
4
1-10 Letter G Words III
5
Guessable Chinese Characters
6
1-10 Letter H Words III
7
Harry Potter book 6 chapters: English & Greek
8
1-10 Letter I Words III
9
Arabic Numerals
10
Begins and Ends With AN
Explore More
Trending Topics
NBA
Disney
Crossword
Kpop
Marvel
Anime
Harry Potter
The Office
Song
Country
WWE
NFL
Pokémon
Puzzle
Soccer
hide this ad
More By:
Chromatos
Quiz
Plays
Rating
Category
Featured
Created
Devanagari to Latin (click)
5,918
4.89
Language
Apr 2, 2012
Characters of Deadwood
454
4.00
Television
Sep 25, 2009
Gujarati to Latin
243
5.00
Language
Oct 4, 2015
Vagrant Story Miscellanea
39
3.00
Gaming
Jan 9, 2011
Les Six
23
3.00
Music
Oct 18, 2009
Go to Creator's Profile
Score Distribution
Quiz Creator Spotlight
Chromatos
Follow
Send a Message
Quizzes Created
-
Created Quiz Play Count
-
More By This Creator
Popular Quizzes Today
1
Find the US States - No Outlines Minefield
2
Colored Red Africa Blitz
3
Find the 'City' Movie
4
The Countries of the World
5
Find the US States
6
5x2 Blitz: Bands
7
Find the Countries of Europe - No Outlines Minefield
8
US States
More Language Quizzes
One Word, Two Definitions
Published
Trending Quizzes
Colored Red Europe Blitz I
Colored Red Europe Blitz II
Colored Red Africa Blitz II
Colored Red Africa Blitz III
Colored Red Europe Blitz III
Recently Updated
Odd Team Out - Big 4 Players
pecheneg
Quick Pick: 20 Twenties
pecheneg
March Madness Men's Triple Doubles
pecheneg
How Do You Spell That?
pecheneg
Godzilla Movies
pecheneg
Grab Bag: 4-10 Letters
pecheneg
2024 March Madness Bracket
pecheneg
Famous TV Couples
Peacemaker
Champions League XIs: Real Madrid
pecheneg
Largest US Cities 1790-2010
pecheneg
Trending Topics
Marvel
Disney
NBA
Crossword
Anime
Kpop
Harry Potter
Puzzle
The Office
Soccer
NFL
Song
WWE
Pokémon
Country
Your Account Isn't Verified!
In order to create a playlist on Sporcle, you need to verify the email address you used during registration. Go to your
Sporcle Settings
to finish the process.
Report this User
Report this user for behavior that violates our
Community Guidelines
.
Details:
Send Report
Go to the Sporcle.com Mobile Site →
Comments